000
00327nam a22001457a 4500
008
210308b ||||| |||| 00| 0 eng d
020
_a
9780875814155
041
_a
eng
080
_a
316
082
_a
316
100
_a
50
101
_a
SOC
245
_a
Introduction to Social Work Research
_c
Williams, M
942
_2
udc
_c
BK
999
_c
55913
_d
55913